Historia de las ideas políticas en argentina /

Guardado en:
Autor Principal: Sierra, Vicente D.
Formato: Libro
Publicado: Buenos Aires : Ediciónes Nuestra Casa, 1950
Materias:
Etiquetas: Agregar Etiqueta
Sin Etiquetas, Sea el primero en etiquetar este registro!
LEADER 00834nam a22002055a 4500
001 CEM.cems005984
005 20060214000000.0
008 130507s1950##################000#0#####d
003 CEMS
082 0 4 |a 320.0982 
100 1 |a Sierra, Vicente D. 
245 1 0 |a Historia de las ideas políticas en argentina / 
260 |a Buenos Aires :  |b Ediciónes Nuestra Casa,  |c 1950 
300 |a 604 p. 
505 0 |a l regimen directorial; Declaración de la Independencia; De la anarquia de 1820 hasta 1833; La epoca de Rosas; La Constitución Naciónal de 1853; Destrucción del Partido Federal; De la oligarquia a democ. social 
653 |a Argentina-pensamiento politico 
653 |a Historia argentina 
653 |a Historia de america 
653 |a Historia de la cultura argenti 
859 |a CEMS  |b BIB. CEMS - 11 de abril  |h 320.0982  |i Si17  |p 3344.74  |t Ej.1